Statistics for Police Emergency Vehicles Picture Quiz

Click here to take the quiz!

General Stats

  • This quiz has been taken 132 times
  • The average score is 10 of 15

Answer Stats

Answer% Correct
United States
96%
United Kingdom
89%
Japan
81%
France
77%
Russia
73%
Germany
72%
China
71%
Australia
67%
India
59%
Mexico
56%
Ireland
55%
Sweden
55%
United Arab Emirates
55%
Argentina
38%
Iceland
30%

Score Distribution

Percentile by Number Answered

Percent of People with Each Score

Your Score History

You have not taken this quiz